000 00413nam a2200145Ia 4500
008 220216s9999 xx 000 0 und d
100 _aRivano F
245 0 _aSouth American leaf blight of Hevea 1. Variability of microcyclus ulei pathogenicity
260 _bPlantations, Recherche, Developpement
_c1997
300 _a104-114
650 _aHevea
650 _aMicrocyclus ulei
650 _aSALB
942 _cJS
999 _c69082
_d69082